Vista normal
Vista MARC
Entrada Materia (personas)
Número de registros utilizados en: 1
001 - CONTROL NUMBER
- control field: 69115
003 - CONTROL NUMBER IDENTIFIER
- control field: Co-BoUCM
005 - DATE AND TIME OF LATEST TRANSACTION
- control field: 20150525133629.0
008 - FIXED-LENGTH DATA ELEMENTS
- fixed length control field: 150525|| aca||aabn | a|a d
040 ## - CATALOGING SOURCE
- Original cataloging agency: Co-BoUCM
- Transcribing agency: Co-BoUCM
100 ## - HEADING--PERSONAL NAME
- Personal name: Benumeya, Gil
670 ## - SOURCE DATA FOUND
- Source citation: Work cat.: (Co-BoUCM)299384: Montemayor, Jorge de 69114, Historia del Abencerraje y la hermosa Jarifa, y otros cuentos, 1923